000 01184nam a22003737a 4500
003 CHAP
005 20220329143724.0
008 110413s1983 mx r 00010 spa d
010 _a100933
011 _a101905
020 _a9684340052
035 _a112593
040 _cCHAP
082 0 4 _a109
_bM36 1983
100 0 0 _aMarx, Karl.
_972726
245 1 0 _aTesis doctoral
_c/por Karl Marx
246 3 _aTesis doctoral : diferencia entre la filosofía de la naturaleza de Demócrito y Epicuro
250 _a4 ed.
260 _aMéxico, D.F. :
_bPremiá,
_c1983
300 _a101 p.
490 3 _aLa nave de los locos
_v;35
590 _aBATCH-UPD
_b10
_c20130110
_lUCH01
_h0931
590 _aBATCH-UPD
_b10
_c20130410
_lUCH01
_h0550
590 _aBATCH-UPD
_b10
_c20130914
_lUCH01
_h1407
590 _aCONVERSION
_b10
_c20130109
_lUCH01
_h1356
650 1 4 _aFilosofía antigua.
_940898
650 1 4 _aFilosofía contemporánea.
_940901
650 1 4 _aFilosofía
_xHistoria.
_940895
650 1 4 _aPensamiento.
_986728
830 3 _aLa nave de los locos
_v;35
_964238
901 _aBK
942 _cLIBRO
949 _a109 M36 1983
_bBC
_cLIBRO
_d33724002258603
_eLIBRO
_h114663
_i112593
_sb
999 _c100933
_d100933